British History - How Did They Die? - Statistics

General Stats
  • This quiz has been taken 35,884 times
  • The average score is 10 of 15
Answer Stats
Question Answer % Correct
Princess Diana (1997) Car crash in Paris while fleeing paparazzi
99%
Anne Boleyn (1536) Beheaded at the Tower of London
96%
Amy Winehouse (2011) Alcohol poisoning
87%
William Wallace (1305) Hanged, drawn, and quartered
75%
Thomas Becket (1170) Killed by swordsmen after Henry II implied, sort of, that he wanted him dead
71%
Captain James Cook (1779) Killed by Hawaiians while trying to kidnap their chief
70%
Alan Turing (1954) Suicide via cyanide poisoning
70%
Jane Seymour (1537) Complications from childbirth
69%
Guy Fawkes (1606) Neck broken during hanging
68%
Richard III (1485) Halberd to the head at the Battle of Bosworth Field
63%
Virginia Woolf (1941) Suicide by drowning
63%
Richard the Lionheart (1199) Shot with a crossbow in France
51%
Henry Hudson (1611) Marooned in Hudson Bay by mutinous crew
46%
Sir Walter Raleigh (1618) Beheaded in London
35%
King George V (1936) Euthanized by doctors
24%
No matching quizzes found
Score Distribution
Percent of People with Each Score
Percentile by Number Answered
Your Score History
You have not taken this quiz